02400cam a2200301 i 450000100190000000500170001900800410003601000170007702000450009402000420013903500320018103500230021303500210023604000720025704100120032904200080034105000220034910000350037124501150040626400480052126400090056930000300057849000550060850400510066352013600071465000130207465000110208799101057971970433620260515120853.0141113s2015 ctua b 001 0 eng  a 2014035965 a9780300180275qhardcoverqalkaline paper a0300180276qhardcoverqalkaline paper a(CaACU)4145027-01ucalg_inst a(OCoLC)40024742450 a(OCoLC)890614537 aDLCerdabengcDLCdYDXdYDXCPdBTCTAdBDXdOCLCFdNhCcYMEdUtOrBLW aEnglish apcc00aBJ1474b.S56 2015 aSinger, Peter,d1946-eauthor.14aThe most good you can do b: how effective altruism is changing ideas about living ethically c/ Peter Singer. 1aNew Haven :bYale University Press,c[2015] 4c2015 axiii, 211 pages ;c22 cm.1 aCastle lectures in ethics, politics, and economics aIncludes bibliographical references and index. aPeter Singer’s books and ideas have been disturbing our complacency ever since the appearance of Animal Liberation. Now he directs our attention to a new movement in which his own ideas have played a crucial role: effective altruism. Effective altruism is built upon the simple but profound idea that living a fully ethical life involves doing the "most good you can do." Such a life requires an unsentimental view of charitable giving: to be a worthy recipient of our support, an organization must be able to demonstrate that it will do more good with our money or our time than other options open to us. Singer introduces us to an array of remarkable people who are restructuring their lives in accordance with these ideas, and shows how living altruistically often leads to greater personal fulfillment than living for oneself. The Most Good You Can Do develops the challenges Singer has made, in the New York Times and Washington Post, to those who donate to the arts, and to charities focused on helping our fellow citizens, rather than those for whom we can do the most good. Effective altruists are extending our knowledge of the possibilities of living less selfishly, and of allowing reason, rather than emotion, to determine how we live. The Most Good You Can Do offers new hope for our ability to tackle the world’s most pressing problems. 0aAltruism 0aEthics